000 00296nam a2200109 a 4500
005 20201002044913.0
008 140402s1970 000 spa d
100 _aPoe, Edgar Allan
_955039
245 4 _aLas aventuras de gordon pym.
260 _aMadrid -- Libra,
_c1970 -- 179 p.
999 _c43146
_d43146
040 _aDO-SdBNP